Statistics for 都道府県内で最後に市制施行した町村

Click here to take the quiz!

General Stats

  • This quiz has been taken 27 times
  • The average score is 34 of 47

Answer Stats

都道府県消滅年月日所属郡町村名備考% Correct
岐阜県1982-04-01可児郡可児町
84%
石川県2011-11-11石川郡野々市町
84%
奈良県1971-11-01生駒郡生駒町
80%
岩手県1958-11-03江刺郡江刺町
80%
宮城県2016-10-10黒川郡富谷町
80%
静岡県1972-01-01浜名郡湖西町
80%
群馬県1958-11-01碓氷郡安中町
80%
兵庫県1958-07-01有馬郡三田町
80%
北海道1996-09-01札幌郡広島町
76%
広島県1988-04-01佐伯郡廿日市町
76%
鳥取県1956-04-01西伯郡境港町
76%
岡山県1952-01-01児島郡玉野町
76%
山梨県1954-04-05東山梨郡塩山町
76%
東京都1991-11-01西多摩郡羽村町
76%
福岡県2018-10-01筑紫郡那珂川町
76%
熊本県1958-08-01菊池郡菊池町
76%
栃木県1970-11-01那須郡黒磯町
76%
大分県1929-04-20下毛郡中津町
76%
熊毛郡西之表町
76%
山形県1959-04-10北村山郡尾花沢町
76%
肝属郡垂水町
76%
石狩郡石狩町
76%
佐賀県1932-01-01東松浦郡唐津町
72%
長崎県1902-04-01東彼杵郡佐世保村
72%
滋賀県2001-10-01栗太郡栗東町
72%
大阪府1991-10-01泉南郡阪南町
72%
福島県1958-10-01安達郡二本松町
72%
埼玉県2012-10-01南埼玉郡白岡町
72%
愛知県2012-01-04愛知郡長久手町
72%
千葉県2013-01-01山武郡大網白里町
72%
神奈川県1978-11-01高座郡綾瀬町
72%
京都府1997-04-01綴喜郡田辺町市制施行時に改称
68%
新潟県1970-11-01北蒲原郡豊栄町
68%
沖縄県2002-04-01島尻郡豊見城村
68%
徳島県1951-06-01勝浦郡小松島町
68%
富山県1954-03-01中新川郡滑川町
68%
和歌山県2006-04-01那賀郡岩出町
68%
三重県1970-08-01一志郡久居町
68%
山口県1970-11-01都濃郡南陽町市制施行時に改称
64%
島根県1941-11-03簸川郡出雲町
64%
宮崎県1970-12-01西諸県郡えびの町
64%
愛媛県1958-11-01温泉郡北条町
60%
長野県1954-04-01上高井郡須坂町
60%
茨城県2002-02-02北相馬郡守谷町
60%
鹿児島県1958-10-01鹿児島郡谷山町
60%
高知県1959-01-01高岡郡高岡町市制施行時に改称
52%
青森県1958-09-01上北郡大三沢町市制施行時に改称
48%

Score Distribution

Percentile by Number Answered

Percent of People with Each Score

Your Score History

You have not taken this quiz